[Event "Online Olym Top DivA 2021"]
[Site "chess.com INT"]
[Date "2021.09.08"]
[Round "1.1"]
[Board "1"]
[White "Mchedlishvili, Mikheil"]
[Black "Jumabayev, Rinat"]
[Result "1/2-1/2"]
[WhiteTitle "GM"]
[BlackTitle "GM"]
[WhiteElo "2571"]
[BlackElo "2651"]
[WhiteTeam "Georgia"]
[BlackTeam "Kazakhstan"]
[WhiteFideId "13600966"]
[BlackFideId "13702661"]
[EventDate "2021.09.08"]
[EventType "team"]

1. d4 d5 2. c4 c6 3. Nc3 Nf6 4. e3 a6 5. Nf3 b5 6. c5 Bf5 7. Ne5 h5 8. Qb3 Ng4
9. e4 Be6 10. exd5 Bxd5 11. Nxd5 Qxd5 12. Nf3 g6 13. Be2 Bg7 14. O-O O-O 15. Qc2
Rd8 16. Rd1 Nd7 17. Bf4 Nf8 18. h3 Ne6 19. Bd2 Nh6 20. Bd3 Nf5 21. Bc3 Nfxd4 22.
Nxd4 Nxd4 23. Bxd4 Qxd4 24. Be4 Qxb2 25. Qxb2 Bxb2 26. Rab1 Bd4 27. Bxc6 Rac8
28. Bb7 Rxc5 29. Bxa6 Rd6 30. Bxb5 Rxb5 31. Rxb5 Bxf2+ 32. Kxf2 Rxd1 33. Rb2 h4
34. Ke2 Rd4 35. a3 e5 36. Ra2 Ra4 37. Kd3 f5 38. Kc3 e4 39. Kb3 Ra7 40. a4 Kf7
41. Kc4 Ke6 42. a5 Kd6 43. Kd4 Kc6 44. Kc4 Ra8 45. Ra1 Re8 46. Kd4 Kb5 47. Ke3
Ra8 48. Rb1+ Kc5 49. Ra1 Kb5 50. Rb1+ Kc4 51. Ra1 g5 52. a6 Kb5 53. a7 Kb6 54.
Rf1 f4+ 55. Kxe4 Rxa7 56. Kf5 Ra5+ 57. Kg4 Kc6 58. Rd1 Re5 59. Rd2 Kc5 60. Rd8
Kc4 61. Rg8 Re2 62. Rxg5 Rxg2+ 63. Kxf4 Rh2 64. Kg4 Kd4 65. Kxh4 Ke4 66. Rg1 Kf5 1/2-1/2

[Event "Online Olym Top DivA 2021"]
[Site "chess.com INT"]
[Date "2021.09.08"]
[Round "1.1"]
[Board "2"]
[White "Makhnev, Denis"]
[Black "Petriashvili, Nikoloz"]
[Result "1-0"]
[WhiteTitle "IM"]
[BlackTitle "IM"]
[WhiteElo "2513"]
[BlackElo "2432"]
[WhiteTeam "Kazakhstan"]
[BlackTeam "Georgia"]
[WhiteFideId "13707647"]
[BlackFideId "13611216"]
[EventDate "2021.09.08"]
[EventType "team"]

1. d4 Nf6 2. c4 g6 3. Nc3 d5 4. cxd5 Nxd5 5. e4 Nxc3 6. bxc3 c5 7. Bb5+ Bd7 8.
Bxd7+ Qxd7 9. Nf3 Bg7 10. O-O cxd4 11. cxd4 O-O 12. Rb1 e6 13. Ne5 Bxe5 14. dxe5
Qxd1 15. Rxd1 b6 16. Ba3 Rc8 17. f4 Na6 18. Be7 Rc4 19. Rd6 Re8 20. Rd7 Nb8 21.
Rb7 Nc6 22. Bg5 Rxe4 23. Rc1 Nd4 24. Rcc7 Nf5 25. g4 Nd4 26. Bh6 Re1+ 27. Kf2
Re2+ 28. Kg3 Re3+ 29. Kf2 Re2+ 30. Kf1 Rxh2 31. g5 Nf5 32. Rxf7 Nxh6 33. Rg7+
Kh8 34. Rxh7+ Kg8 35. gxh6 Rc8 36. Rbg7+ Kf8 37. Rh8# 1-0

[Event "Online Olym Top DivA 2021"]
[Site "chess.com INT"]
[Date "2021.09.08"]
[Round "1.1"]
[Board "3"]
[White "Lomineishvili, Maia"]
[Black "Abdumalik, Zhansaya"]
[Result "1-0"]
[WhiteTitle "IM"]
[BlackTitle "GM"]
[WhiteElo "2342"]
[BlackElo "2502"]
[WhiteTeam "Georgia"]
[BlackTeam "Kazakhstan"]
[WhiteFideId "13600656"]
[BlackFideId "13703544"]
[EventDate "2021.09.08"]
[EventType "team"]

1. e4 c5 2. Nf3 e6 3. g3 d6 4. Bg2 Nf6 5. Qe2 Nc6 6. O-O Be7 7. c3 e5 8. h3 O-O
9. Rd1 Re8 10. Na3 Bf8 11. d3 h6 12. Nc4 d5 13. exd5 Qxd5 14. Be3 Qe6 15. a4 Rb8
16. Re1 b6 17. Bd2 Nd7 18. Qf1 Ba6 19. b3 Rbd8 20. Nh2 Qg6 21. Be4 f5 22. Bd5+
Kh8 23. Qg2 Ndb8 24. f4 Bb7 25. Nf1 Qh5 26. Bf3 Qf7 27. Nxe5 Nxe5 28. fxe5 Bxf3
29. Qxf3 Nc6 30. Qxc6 Rxd3 31. Qg2 Qxb3 32. a5 Qe6 33. axb6 Qxb6 34. c4 Qb2 35.
Bf4 Qd4+ 36. Qf2 Qxc4 37. Rxa7 Qd5 38. Ne3 Qe6 39. h4 c4 40. Rc7 c3 41. Qc2 Red8
42. Rxc3 Rd2 43. Qxf5 Qb6 44. Rc8 Bc5 45. Rxd8+ Qxd8 46. e6 Qa8 47. Qxc5 1-0

[Event "Online Olym Top DivA 2021"]
[Site "chess.com INT"]
[Date "2021.09.08"]
[Round "1.1"]
[Board "4"]
[White "Saduakassova, Dinara"]
[Black "Purtseladze, Maka"]
[Result "1-0"]
[WhiteTitle "IM"]
[BlackTitle "IM"]
[WhiteElo "2489"]
[BlackElo "2274"]
[WhiteTeam "Kazakhstan"]
[BlackTeam "Georgia"]
[WhiteFideId "13700090"]
[BlackFideId "13602659"]
[EventDate "2021.09.08"]
[EventType "team"]

1. d4 e6 2. Nf3 d5 3. Bf4 c5 4. e3 Nc6 5. c3 Bd6 6. Bg3 Nf6 7. Nbd2 O-O 8. Bd3
b6 9. e4 Be7 10. e5 Nd7 11. h4 h6 12. Qe2 cxd4 13. Nxd4 Bb7 14. Nxc6 Bxc6 15.
O-O-O Nc5 16. Bc2 Ba4 17. Nb3 Qe8 18. Rd4 Qb5 19. Qd1 Bxb3 20. axb3 a5 21. Kb1
Rfc8 22. Bf4 a4 23. bxa4 Qa6 24. Rh3 Ne4 25. Bxe4 dxe4 26. Rg3 Bxh4 27. Rg4 Bg5
28. Bxg5 hxg5 29. Rxg5 b5 30. Qg4 g6 31. Rxg6+ fxg6 32. Qxg6+ Kf8 33. Rd7 1-0

[Event "Online Olym Top DivA 2021"]
[Site "chess.com INT"]
[Date "2021.09.08"]
[Round "1.1"]
[Board "5"]
[White "Kacharava, Nikolozi"]
[Black "Zhalmakhanov, Ramazan"]
[Result "0-1"]
[WhiteTitle "IM"]
[BlackTitle "IM"]
[WhiteElo "2453"]
[BlackElo "2414"]
[WhiteTeam "Georgia"]
[BlackTeam "Kazakhstan"]
[WhiteFideId "13611860"]
[BlackFideId "13706357"]
[EventDate "2021.09.08"]
[EventType "team"]

1. e4 c5 2. Nf3 Nc6 3. d4 cxd4 4. Nxd4 g6 5. c4 Bg7 6. Be3 Qb6 7. Nb3 Qd8 8. Nc3
Bxc3+ 9. bxc3 Nf6 10. f3 d6 11. Be2 Be6 12. Nd4 Qc8 13. Nxe6 Qxe6 14. Qb3 O-O
15. Qxb7 Rfc8 16. Qa6 Nd7 17. c5 Nxc5 18. Bxc5 dxc5 19. O-O Rd8 20. Rad1 Rab8
21. Bc4 Qf6 22. Rxd8+ Rxd8 23. Bd5 Rd6 24. f4 Nd8 25. Qc4 Rd7 26. Qxc5 e6 27.
Bb3 Kg7 28. g3 Nb7 29. Qe3 Rc7 30. e5 Qe7 31. Rd1 Qa3 32. g4 Qc5 33. Qxc5 Nxc5
34. Bc2 Nd7 35. Be4 g5 36. fxg5 Nxe5 37. h3 Rxc3 38. Kg2 Re3 39. Bb1 Ra3 40. Rd2
Nf3 41. Rb2 Nxg5 42. Rb7 Nxh3 43. Rb2 Nf4+ 44. Kf2 h6 45. Be4 Ra4 46. Ke3 Nh3
47. Rg2 Ng5 48. Bd3 Kf6 49. Bb5 Rb4 50. Bc6 Ke5 51. Rh2 Rxg4 52. Rxh6 Rg3+ 53.
Kd2 Ra3 54. Rh8 Rxa2+ 55. Kc3 Ra1 56. Kb2 Ra5 57. Bg2 Rc5 58. Ra8 a5 59. Kb3 f5
60. Bf1 Ne4 61. Be2 Kd4 62. Re8 e5 63. Rf8 Ke3 64. Ba6 f4 65. Bc8 Nd2+ 66. Kb2
e4 67. Bg4 f3 68. Bh3 f2 69. Bg2 Rg5 70. Bh3 Rg3 0-1

[Event "Online Olym Top DivA 2021"]
[Site "chess.com INT"]
[Date "2021.09.08"]
[Round "1.1"]
[Board "6"]
[White "Assaubayeva, Bibisara"]
[Black "Koridze, Lile"]
[Result "1-0"]
[WhiteTitle "IM"]
[BlackTitle "WFM"]
[WhiteElo "2400"]
[BlackElo "2016"]
[WhiteTeam "Kazakhstan"]
[BlackTeam "Georgia"]
[WhiteFideId "13708694"]
[BlackFideId "13612514"]
[EventDate "2021.09.08"]
[EventType "team"]

1. d4 Nf6 2. c4 e6 3. Nf3 d5 4. Nc3 Bb4 5. Qb3 Be7 6. Bg5 c6 7. e3 O-O 8. Rd1
Nbd7 9. Bd3 b6 10. O-O Bb7 11. cxd5 cxd5 12. h3 Rc8 13. Bf4 Nb8 14. Ne5 Nc6 15.
Nxc6 Bxc6 16. Ba6 Ra8 17. Rc1 Qd7 18. Nb5 Ne4 19. Nc7 Ba4 20. Qd3 Rad8 21. b3
Bc6 22. Qc2 Ba8 23. f3 Nd6 24. Nxa8 Rxa8 25. Qc7 Rfd8 26. Qxd7 Rxd7 27. Rc6 h6
28. Rfc1 Nf5 29. Bc8 Rd8 30. Bb7 g5 31. Be5 Kf8 32. Bxa8 1-0

[Event "Online Olym Top DivA 2021"]
[Site "chess.com INT"]
[Date "2021.09.08"]
[Round "1.2"]
[Board "1"]
[White "Deac, Bogdan-Daniel"]
[Black "Maghsoodloo, Parham"]
[Result "1-0"]
[WhiteTitle "GM"]
[BlackTitle "GM"]
[WhiteElo "2639"]
[BlackElo "2695"]
[WhiteTeam "Romania"]
[BlackTeam "Iran"]
[WhiteFideId "1226380"]
[BlackFideId "12539929"]
[EventDate "2021.09.08"]
[EventType "team"]

1. d4 Nf6 2. c4 e6 3. Nf3 d5 4. g3 dxc4 5. Bg2 a6 6. Ne5 Bb4+ 7. Nc3 Nd5 8. O-O
O-O 9. Ne4 b5 10. b3 c3 11. Qc2 f6 12. Nd3 Nc6 13. Be3 Rb8 14. Nxb4 Ncxb4 15.
Qc1 Nxe3 16. fxe3 Bb7 17. Qxc3 Bxe4 18. Bxe4 Nd5 19. Qd3 f5 20. Bxd5 Qxd5 21.
Rac1 Qd8 22. Rc6 Rb6 23. Rfc1 Rf7 24. Qc3 Rxc6 25. Qxc6 e5 26. dxe5 Qd2 27. Kf2
Re7 28. Rc5 Qxa2 29. Qd5+ Kf8 30. e6 Qb1 31. Rxc7 Qe4 32. Qd8+ Re8 33. Rf7+ 1-0

[Event "Online Olym Top DivA 2021"]
[Site "chess.com INT"]
[Date "2021.09.08"]
[Round "1.2"]
[Board "2"]
[White "Idani, Pouya"]
[Black "Szabo, Gergely-Andras-Gyula"]
[Result "1-0"]
[WhiteTitle "GM"]
[BlackTitle "GM"]
[WhiteElo "2627"]
[BlackElo "2531"]
[WhiteTeam "Iran"]
[BlackTeam "Romania"]
[WhiteFideId "12510130"]
[BlackFideId "1205064"]
[EventDate "2021.09.08"]
[EventType "team"]

1. e4 c5 2. Nf3 d6 3. d4 cxd4 4. Nxd4 Nf6 5. Nc3 Nc6 6. Bg5 e6 7. Qd3 Bd7 8.
Ndb5 Nb4 9. Qd1 Qb8 10. Bf4 e5 11. Bg5 a6 12. Na3 b5 13. Bxf6 gxf6 14. g3 Qb6
15. Nab1 Be6 16. a3 Nc6 17. Nd5 Bxd5 18. exd5 Ne7 19. Nc3 f5 20. Bh3 Bg7 21. Qh5
b4 22. axb4 Qxb4 23. Rb1 Nxd5 24. O-O Nf6 25. Qxf5 Rd8 26. Bg2 Qg4 27. Bc6+ Kf8
28. Qxg4 Nxg4 29. Ra1 h5 30. Rxa6 h4 31. Bf3 Nf6 32. Rd1 hxg3 33. hxg3 Ne8 34.
Ra7 Rc8 35. Bd5 Rc7 36. Rda1 f5 37. Be6 e4 38. Bxf5 Bxc3 39. Rxc7 Nxc7 40. bxc3
d5 41. c4 dxc4 42. Bxe4 Ke7 43. Ra4 1-0

[Event "Online Olym Top DivA 2021"]
[Site "chess.com INT"]
[Date "2021.09.08"]
[Round "1.2"]
[Board "3"]
[White "Cosma, Elena-Luminita"]
[Black "Khademalsharieh, Sarasadat"]
[Result "1/2-1/2"]
[WhiteTitle "WGM"]
[BlackTitle "IM"]
[WhiteElo "2296"]
[BlackElo "2490"]
[WhiteTeam "Romania"]
[BlackTeam "Iran"]
[WhiteFideId "1201590"]
[BlackFideId "12512214"]
[EventDate "2021.09.08"]
[EventType "team"]

1. d4 Nf6 2. Nf3 d5 3. g3 e6 4. Bg2 c5 5. c4 dxc4 6. O-O Nc6 7. dxc5 Qxd1 8.
Rxd1 Bxc5 9. Nbd2 Ke7 10. Nxc4 Ne4 11. Be3 Bxe3 12. Nxe3 Bd7 13. Nd4 Nd6 14.
Nxc6+ Bxc6 15. Bxc6 bxc6 16. Rac1 Rhc8 17. Nc4 Nxc4 18. Rxc4 Rab8 19. Rd2 Rb5
20. h4 h5 21. b3 Rc7 22. e3 a5 23. Kf1 g6 24. Ke2 Rf5 25. e4 Rb5 26. Ke3 Rb4 27.
Rdc2 Kd6 28. Rd2+ Ke7 29. Rdc2 Kd6 30. Rd2+ Ke7 1/2-1/2

[Event "Online Olym Top DivA 2021"]
[Site "chess.com INT"]
[Date "2021.09.08"]
[Round "1.2"]
[Board "4"]
[White "Alinasab, Mobina"]
[Black "Nastase, Andreea-Cristina"]
[Result "1/2-1/2"]
[WhiteTitle "WIM"]
[BlackTitle "WFM"]
[WhiteElo "2309"]
[BlackElo "2092"]
[WhiteTeam "Iran"]
[BlackTeam "Romania"]
[WhiteFideId "12528897"]
[BlackFideId "1221183"]
[EventDate "2021.09.08"]
[EventType "team"]

1. e4 c6 2. d4 d5 3. Nd2 dxe4 4. Nxe4 Nf6 5. Nxf6+ exf6 6. c3 Bf5 7. Bd3 Bxd3 8.
Qxd3 Na6 9. Bf4 Bd6 10. Bxd6 Qxd6 11. Ne2 O-O 12. O-O Rad8 13. Rad1 Rfe8 14. Ng3
Nc7 15. Nf5 Qe6 16. Nxg7 Kxg7 17. Qg3+ Kh8 18. Qxc7 Rd7 19. Qf4 Rd5 20. b3 Rf5
21. Qd2 Qd6 22. f4 Rg8 23. g3 h5 24. Qe3 h4 25. Kf2 Rh5 26. Rh1 Qd5 27. Qf3 Qa5
28. Rd2 hxg3+ 29. hxg3 Rxh1 30. Qxh1+ Kg7 31. Qf3 Rh8 32. Kg1 Qf5 33. Qd3 Qh3
34. Qe4 Kf8 35. Qg2 Qf5 36. Re2 Qd3 37. Kf1 Qxc3 38. Qe4 Qc1+ 39. Re1 Qa3 40.
Re2 Qc1+ 41. Re1 Qa3 42. Re2 Qc1+ 1/2-1/2

[Event "Online Olym Top DivA 2021"]
[Site "chess.com INT"]
[Date "2021.09.08"]
[Round "1.2"]
[Board "5"]
[White "Gavrilescu, David"]
[Black "Tabatabaei, M. Amin"]
[Result "0-1"]
[WhiteTitle "IM"]
[BlackTitle "GM"]
[WhiteElo "2477"]
[BlackElo "2624"]
[WhiteTeam "Romania"]
[BlackTeam "Iran"]
[WhiteFideId "1227190"]
[BlackFideId "12521213"]
[EventDate "2021.09.08"]
[EventType "team"]

1. e4 c5 2. Nf3 d6 3. d4 cxd4 4. Nxd4 Nf6 5. Nc3 a6 6. g3 Bd7 7. Bg2 Nc6 8. O-O
e6 9. h3 Be7 10. Be3 Qc7 11. a4 O-O 12. Nxc6 Bxc6 13. a5 Nd7 14. Ne2 b5 15. axb6
Nxb6 16. b3 a5 17. Nd4 Bd7 18. c4 a4 19. Nb5 Bxb5 20. cxb5 a3 21. Qc1 Qxc1 22.
Rfxc1 Rfb8 23. Rc6 Nd7 24. Ra6 Rd8 25. R1xa3 Rab8 26. b6 Kf8 27. R3a5 Rdc8 28.
Rb5 Rb7 29. Ra7 Rcb8 30. Rxb7 Rxb7 31. Ra5 Ke8 32. Ra7 Rb8 33. b7 Kd8 34. Bf1
Kc7 35. Ba6 Nc5 36. Bxc5 dxc5 37. Ra8 0-1

[Event "Online Olym Top DivA 2021"]
[Site "chess.com INT"]
[Date "2021.09.08"]
[Round "1.2"]
[Board "6"]
[White "Zahedifar, Anahita"]
[Black "Bucur, Denisa-Andreea"]
[Result "0-1"]
[WhiteTitle "WFM"]
[WhiteElo "2213"]
[BlackElo "2049"]
[WhiteTeam "Iran"]
[BlackTeam "Romania"]
[WhiteFideId "12560715"]
[BlackFideId "1238019"]
[EventDate "2021.09.08"]
[EventType "team"]

1. d4 Nf6 2. c4 e6 3. Nc3 Bb4 4. Qc2 c5 5. dxc5 O-O 6. a3 Bxc5 7. Bf4 a6 8. e3
Be7 9. Bd3 d6 10. Nf3 b6 11. O-O h6 12. Rfd1 Bb7 13. Be2 Qc7 14. Rac1 Nh5 15.
Bg3 Nxg3 16. hxg3 Nd7 17. Nd4 Rac8 18. Qd2 Rfd8 19. b3 Nf6 20. Bf3 Qb8 21. Qe2
d5 22. a4 dxc4 23. bxc4 Nd7 24. a5 bxa5 25. Rb1 Bb4 26. Na2 Bxf3 27. Qxf3 Ne5
28. Qe4 Rxc4 29. f4 Ng6 30. Qf3 Rdc8 31. f5 exf5 32. Nxf5 Qa8 33. Nxb4 Qxf3 34.
gxf3 Rxb4 35. Ra1 Rc5 36. g4 Ne5 37. Kf2 Rb3 38. Rd5 Rxd5 39. Ne7+ Kh7 40. Nxd5
Nc4 41. Ra4 Rd3 42. Nf4 Rc3 43. Nd5 Rd3 44. Nf4 Rc3 45. Nd5 Rc2+ 46. Kg3 Rc1 47.
Kf4 g5+ 48. Kf5 Kg7 49. f4 Nd6+ 50. Ke5 Nc4+ 51. Kd4 Nd6 52. Rxa5 gxf4 53. exf4
Rc6 54. Ne7 Rb6 55. Kc5 Rb5+ 56. Rxb5 Nxb5 57. Kb6 Nd4 58. Kxa6 Ne2 59. Nf5+ Kg6
60. Nh4+ Kf6 61. Ng2 Ke6 62. Kb5 Kd5 63. g5 hxg5 64. fxg5 Ke5 65. Nh4 Nf4 66.
Kc4 Ng6 67. Ng2 Kf5 68. Kd4 Kxg5 69. Ke3 Kg4 70. Kf2 Nf4 71. Ne3+ Kg5 72. Nc4
Nd5 73. Nd6 f6 0-1

[Event "Online Olym Top DivA 2021"]
[Site "chess.com INT"]
[Date "2021.09.08"]
[Round "1.3"]
[Board "1"]
[White "Martirosyan, Haik M."]
[Black "Mastrovasilis, Dimitrios"]
[Result "1-0"]
[WhiteTitle "GM"]
[BlackTitle "GM"]
[WhiteElo "2636"]
[BlackElo "2615"]
[WhiteTeam "Armenia"]
[BlackTeam "Greece"]
[WhiteFideId "13306553"]
[BlackFideId "4202694"]
[EventDate "2021.09.08"]
[EventType "team"]

1. d4 d5 2. c4 e6 3. Nf3 Nf6 4. Nc3 dxc4 5. e4 Bb4 6. Bg5 b5 7. a4 c5 8. Bxf6
Qxf6 9. axb5 cxd4 10. Qxd4 Qxd4 11. Nxd4 Bc5 12. Nf3 Bb7 13. Ne5 Ke7 14. Nxc4 a6
15. Bd3 axb5 16. Rxa8 Bxa8 17. Nxb5 Nc6 18. Ke2 Rb8 19. Ra1 Nb4 20. Nc7 Bc6 21.
f3 Rb7 22. Na6 Nxd3 23. Kxd3 Ra7 24. b4 Bxb4 25. Nxb4 Bxe4+ 26. Kxe4 Rxa1 27.
Nc6+ Kf6 28. Nd6 Ra4+ 29. Ke3 Ra3+ 30. Kf2 Ra6 31. Ne4+ Kf5 32. Nd6+ Kf6 33.
Ne8+ Kg5 34. Ne5 f6 35. Nf7+ Kg6 36. Nh8+ Kh6 37. Kg3 Ra7 38. Nd6 Rd7 39. Ndf7+
Kh5 40. Kh3 1-0

[Event "Online Olym Top DivA 2021"]
[Site "chess.com INT"]
[Date "2021.09.08"]
[Round "1.3"]
[Board "2"]
[White "Pavlidis, Antonios"]
[Black "Gabuzyan, Hovhannes"]
[Result "1-0"]
[WhiteTitle "GM"]
[BlackTitle "GM"]
[WhiteElo "2536"]
[BlackElo "2583"]
[WhiteTeam "Greece"]
[BlackTeam "Armenia"]
[WhiteFideId "4212312"]
[BlackFideId "13303732"]
[EventDate "2021.09.08"]
[EventType "team"]

1. e4 c5 2. Nf3 d6 3. d4 cxd4 4. Nxd4 Nf6 5. Nc3 a6 6. a4 e6 7. g4 d5 8. Bg2
Nxe4 9. Nxe4 dxe4 10. Bxe4 Qc7 11. Be3 Nd7 12. g5 Nc5 13. Bg2 Bd7 14. a5 e5 15.
Nf3 O-O-O 16. Qd5 Bc6 17. Qc4 Bb5 18. Qc3 f6 19. gxf6 gxf6 20. Nd2 Kb8 21. O-O-O
Rg8 22. Ne4 Rxg2 23. Rxd8+ Qxd8 24. Bxc5 Bxc5 25. Qxc5 Qxa5 26. c4 Rg8 27. Kb1
Qa4 28. Nxf6 Bxc4 29. Nxg8 Bd3+ 30. Kc1 Qf4+ 31. Kd1 Qf3+ 32. Kd2 Bg6 33. Qxe5+
Ka8 34. Rc1 Qxf2+ 35. Kc3 Qf3+ 36. Kb4 Qg4+ 37. Rc4 Qd7 38. Ne7 Qd2+ 39. Ka3 Qd7
40. Rc8+ Ka7 41. Qc5+ 1-0

[Event "Online Olym Top DivA 2021"]
[Site "chess.com INT"]
[Date "2021.09.08"]
[Round "1.3"]
[Board "3"]
[White "Danielian, Elina"]
[Black "Tsolakidou, Stavroula"]
[Result "0-1"]
[WhiteTitle "GM"]
[BlackTitle "IM"]
[WhiteElo "2450"]
[BlackElo "2377"]
[WhiteTeam "Armenia"]
[BlackTeam "Greece"]
[WhiteFideId "13300210"]
[BlackFideId "4264312"]
[EventDate "2021.09.08"]
[EventType "team"]

1. Nf3 d5 2. g3 Nd7 3. c4 dxc4 4. Qa4 c6 5. Qxc4 e5 6. Bg2 Bd6 7. d4 Ngf6 8. O-O
O-O 9. Nc3 Qe7 10. a4 Nb6 11. Qb3 e4 12. Ng5 Bf5 13. a5 Nbd5 14. Nxd5 cxd5 15.
Nh3 Rad8 16. Nf4 Kh8 17. h4 h6 18. Bd2 Qd7 19. Rfc1 g5 20. hxg5 hxg5 21. Nxd5
Qe6 22. Bxg5 Nxd5 23. Bxd8 Rxd8 24. e3 Rd7 25. a6 b6 26. Qb5 Nb4 27. Rc8+ Kg7
28. Qe2 Bg6 29. Rac1 Nd3 30. R1c6 Qf5 31. Kh2 Nxf2 32. Rc2 Ng4+ 33. Kg1 Qh5 34.
Re8 Bxg3 35. Rcc8 Bh2+ 36. Kf1 Qf5+ 37. Ke1 Bh5 38. Rg8+ Kf6 39. Kd2 Bg1 40. Qc4
Qf2+ 41. Kc3 Qxe3+ 42. Kc2 Qd3+ 43. Qxd3 exd3+ 44. Kxd3 Bxd4 45. Bc6 Rd6 46.
Rcd8 Ne5+ 47. Ke4 Bf3+ 48. Kf4 Rxd8 49. Rxd8 Nxc6 50. Rd7 Ke6 51. Rb7 Bd5 0-1

[Event "Online Olym Top DivA 2021"]
[Site "chess.com INT"]
[Date "2021.09.08"]
[Round "1.3"]
[Board "4"]
[White "Avramidou, Anastasia"]
[Black "Mkrtchian, Lilit"]
[Result "1-0"]
[WhiteTitle "FM"]
[BlackTitle "IM"]
[WhiteElo "2225"]
[BlackElo "2378"]
[WhiteTeam "Greece"]
[BlackTeam "Armenia"]
[WhiteFideId "4239873"]
[BlackFideId "13300601"]
[EventDate "2021.09.08"]
[EventType "team"]

1. d4 Nf6 2. c4 e6 3. Nc3 Bb4 4. e3 O-O 5. Bd2 d5 6. Rc1 b6 7. cxd5 exd5 8. Bd3
Bb7 9. Nf3 a6 10. O-O Bd6 11. Ne5 c5 12. f4 Nc6 13. Ne2 Ne7 14. Be1 Ne4 15. Ng3
f6 16. Nxe4 dxe4 17. Bc4+ Nd5 18. Qb3 Be7 19. dxc5 Bxc5 20. Rd1 fxe5 21. Bxd5+
Bxd5 22. Rxd5 Bxe3+ 23. Kh1 Qf6 24. Rd8+ Kh8 25. Rxa8 Rxa8 26. Qxe3 exf4 27.
Qxe4 Rf8 28. Bc3 Qf7 29. Qd4 b5 30. Rxf4 1-0

[Event "Online Olym Top DivA 2021"]
[Site "chess.com INT"]
[Date "2021.09.08"]
[Round "1.3"]
[Board "5"]
[White "Hakobyan, Aram"]
[Black "Ioannidis, Evgenios"]
[Result "1-0"]
[WhiteTitle "GM"]
[BlackTitle "IM"]
[WhiteElo "2621"]
[BlackElo "2445"]
[WhiteTeam "Armenia"]
[BlackTeam "Greece"]
[WhiteFideId "13306677"]
[BlackFideId "4229274"]
[EventDate "2021.09.08"]
[EventType "team"]

1. e4 c5 2. Nf3 d6 3. Bb5+ Nd7 4. a4 Nf6 5. Nc3 a6 6. Be2 b6 7. d4 cxd4 8. Qxd4
Bb7 9. O-O e6 10. Be3 Qc7 11. Rfd1 Ng4 12. Bg5 h6 13. Bh4 Nge5 14. Nd2 g5 15.
Bg3 Bg7 16. Qb4 Qc5 17. Qxc5 dxc5 18. f3 Ke7 19. Nb3 Rhd8 20. Bf2 Rac8 21. Rd2
c4 22. Nd4 Nc5 23. Rad1 Rd7 24. Be3 Rcd8 25. Kf2 Ned3+ 26. cxd3 cxd3 27. Bxd3
Bxd4 28. Bc2 Bxe3+ 29. Kxe3 Rxd2 30. Rxd2 Rxd2 31. Kxd2 a5 32. Ke3 Kd6 33. g3 e5
34. Nb5+ Kd7 35. f4 exf4+ 36. gxf4 Bc6 37. Nc3 Kd6 38. e5+ Ke6 39. Nb5 Bxb5 40.
axb5 Kd5 41. Bh7 Nd7 42. Be4+ Ke6 43. Bc2 gxf4+ 44. Kxf4 Nxe5 45. h4 Nd7 46.
Bb3+ Kf6 47. Bc2 Nc5 48. b3 Ne6+ 49. Ke4 Nc7 50. Bd3 Ke6 51. Bc4+ Kf6 52. h5 Kg5
53. Ke5 f5 54. Kd6 Ne8+ 55. Kc6 Kxh5 56. Bf7+ Kg4 57. Bxe8 f4 58. Kxb6 f3 59.
Bc6 h5 60. Ka7 f2 61. Bg2 h4 62. b6 h3 63. Bf1 h2 64. b7 h1=Q 65. Be2+ Kg5 66.
b8=Q f1=Q 67. Qg8+ Kh6 68. Bxf1 Qxf1 69. Qe6+ Kg7 70. Qe5+ Kf7 71. Qxa5 Qf2+ 72.
Qb6 Qa2+ 73. Kb7 Ke7 74. Qc7+ Ke6 75. Qc6+ Ke7 76. b4 Qd2 77. b5 Kd8 78. Qc7+
Ke8 79. b6 Qa5 80. Qc6+ Kd8 81. Qd6+ Ke8 82. Kc7 Kf7 83. Qc6 Ke7 84. Qd6+ Kf7
85. Kb8 Ke8 86. Qc6+ Kd8 87. Qc7+ Ke8 88. b7 Qa6 89. Qe5+ Kd7 90. Qd5+ Ke7 91.
Qc5+ Kd8 92. Qc7+ Ke8 93. Qe5+ Kd7 94. Qd5+ Ke8 95. Kc7 Qa7 96. Qe6+ Kf8 97.
Qd6+ Ke8 98. Kc8 Qa5 99. Qd7+ Kf8 100. b8=Q 1-0

[Event "Online Olym Top DivA 2021"]
[Site "chess.com INT"]
[Date "2021.09.08"]
[Round "1.3"]
[Board "6"]
[White "Tsivelekidou, Evgenia"]
[Black "Sargsyan, Anna M."]
[Result "0-1"]
[BlackTitle "WGM"]
[WhiteElo "1972"]
[BlackElo "2402"]
[WhiteTeam "Greece"]
[BlackTeam "Armenia"]
[WhiteFideId "4274830"]
[BlackFideId "13308130"]
[EventDate "2021.09.08"]
[EventType "team"]

1. d4 d5 2. c4 c6 3. Nf3 Nf6 4. Nbd2 e6 5. g3 c5 6. dxc5 Bxc5 7. Bg2 O-O 8. O-O
Nc6 9. cxd5 exd5 10. Nb3 Bb6 11. Nbd4 h6 12. b3 Re8 13. Bb2 Bg4 14. h3 Bd7 15.
Nxc6 bxc6 16. Rc1 Ne4 17. e3 Rc8 18. Ne5 Ng5 19. Nxd7 Qxd7 20. h4 Ne4 21. Bd4
Bc7 22. Qd3 Qd6 23. Bxe4 dxe4 24. Qc4 Bb8 25. Qc5 Qg6 26. Kg2 Qg4 27. Qc2 Qf3+
28. Kg1 Re6 29. Qd1 Qf5 30. Qe2 Rg6 31. Rc5 Qh3 32. Be5 Bxe5 33. Rxe5 Qxh4 34.
Kg2 Rd8 35. Rh1 Qf6 36. Rxe4 c5 37. Rf4 Qb6 38. Qc4 Qb7+ 39. Qe4 Qc7 40. Rh5
Rgd6 41. Rg4 Re6 42. Qf4 Qc6+ 43. Qf3 Qxf3+ 44. Kxf3 g5 45. Rh1 Rd2 46. a4 Rf6+
47. Ke4 Rfxf2 48. Ke5 Kg7 49. Rc4 Kg6 50. Rxc5 Rf5+ 51. Ke4 Rxc5 0-1

[Event "Online Olym Top DivA 2021"]
[Site "chess.com INT"]
[Date "2021.09.08"]
[Round "1.4"]
[Board "2"]
[White "Yu, Yangyi"]
[Black "Ly, Moulthun"]
[Result "1-0"]
[WhiteTitle "GM"]
[BlackTitle "GM"]
[WhiteElo "2704"]
[BlackElo "2484"]
[WhiteTeam "China"]
[BlackTeam "Australia"]
[WhiteFideId "8603820"]
[BlackFideId "3204405"]
[EventDate "2021.09.08"]
[EventType "team"]

1. d4 Nf6 2. c4 e6 3. Nf3 d5 4. Nc3 Bb4 5. e3 O-O 6. Bd2 b6 7. cxd5 exd5 8. Rc1
Bb7 9. Bd3 Be7 10. O-O c5 11. dxc5 bxc5 12. Re1 Nbd7 13. e4 dxe4 14. Nxe4 Nxe4
15. Bxe4 Bxe4 16. Rxe4 Nf6 17. Ra4 Qd5 18. Ba5 Qb7 19. b3 Rac8 20. h3 Nd5 21.
Re4 Rfe8 22. Qd3 Nf6 23. Ra4 Bf8 24. Bc3 Ne4 25. Be5 f5 26. Rd1 Qf7 27. Qd7 Qg6
28. Rxa7 c4 29. bxc4 Nxf2 30. Kxf2 Bc5+ 31. Kf1 Bxa7 32. Qxa7 Rxc4 33. Qd7 Rc2
34. Rd2 Rxd2 35. Qxd2 Qe6 36. Kg1 h6 37. a4 Ra8 38. a5 Qc4 39. Qd7 Qf7 40. Qb5
Qe6 41. Qb7 1-0